000 00284nam a22001217a 4500
008 180517b xxu||||| |||| 00| 0 eng d
041 _aeng
080 _a043.3
100 _a0
101 _aMBE-BA
245 _aPrivatizimi, te metat dhe perparsite e tij
_cShala, A
942 _2udc
_cBK
999 _c45888
_d45888